000 00796nam a2200241Ia 4500
003 OSt
005 20240828142820.0
008 220927b |||||||| |||| 00| 0 eng d
020 _cUSD 54.95
037 _b65, 01/03/2017, Kiran Book Service
_cTextual
040 _aSDCL
_cSDCL
_beng
041 _2eng
_aeng
082 _aY15.5'P Q2
100 _aJames, Sharon L. Ed.
_9474696
245 0 _aCompanion To women in the ancient world
260 _aChichester
_bWiley Blackwell
_c2012
300 _axxi,616p.
490 _3Blackwell companions to the ancient world
650 _aHistory
700 _a Dillon, Sheila Ed.
_9474697
942 _hY15.5'P Q2
_cTEXL
_2CC
999 _c787259
_d787259